Development communication : (Record no. 21542)
[ view plain ]
| 000 -LEADER | |
|---|---|
| fixed length control field | 00963cam a22002775a 4500 |
| 001 - CONTROL NUMBER | |
| control field | 15566066 |
| 005 - DATE AND TIME OF LATEST TRANSACTION | |
| control field | 20170112150827.0 |
| 008 - FIXED-LENGTH DATA ELEMENTS--GENERAL INFORMATION | |
| fixed length control field | 081223s2009 enka frb 001 0 eng d |
| 020 ## - INTERNATIONAL STANDARD BOOK NUMBER | |
| International Standard Book Number | 9781405187947 |
| 040 ## - CATALOGING SOURCE | |
| Original cataloging agency | DLC |
| Transcribing agency | DLC |
| Modifying agency | YDXCP |
| -- | BTCTA |
| -- | BWKUK |
| -- | BWK |
| -- | DLC |
| -- | EG-ScBUE |
| Language of cataloging | eng |
| 043 ## - GEOGRAPHIC AREA CODE | |
| Geographic area code | d------ |
| 082 04 - DEWEY DECIMAL CLASSIFICATION NUMBER | |
| Classification number | 302.23091724 |
| Edition number | 22 |
| Item number | DEV |
| 245 00 - TITLE STATEMENT | |
| Title | Development communication : |
| Remainder of title | reframing the role of the media / |
| Statement of responsibility, etc | edited by Thomas L. McPhail. |
| 260 ## - PUBLICATION, DISTRIBUTION, ETC. (IMPRINT) | |
| Place of publication, distribution, etc | Chichester : |
| Name of publisher, distributor, etc | Wiley-Blackwell, |
| Date of publication, distribution, etc | 2009. |
| 300 ## - PHYSICAL DESCRIPTION | |
| Extent | xiii, 239 p. : |
| Other physical details | ill. ; |
| Dimensions | 24 cm. |
| 500 ## - GENERAL NOTE | |
| General note | Index : p. [235]-239. |
| 504 ## - BIBLIOGRAPHY, ETC. NOTE | |
| Bibliography, etc | Bibliography : p. [211]-234. |
| 650 #7 - SUBJECT ADDED ENTRY--TOPICAL TERM | |
| Topical term or geographic name as entry element | Communication |
| General subdivision | Social aspects. |
| Source of heading or term | BUEsh |
| 9 (RLIN) | 39162 |
| 650 #0 - SUBJECT ADDED ENTRY--TOPICAL TERM | |
| Topical term or geographic name as entry element | Mass media |
| Geographic subdivision | Developing countries. |
| Source of heading or term | BUEsh |
| 650 #0 - SUBJECT ADDED ENTRY--TOPICAL TERM | |
| Topical term or geographic name as entry element | Telecommunication |
| Geographic subdivision | Developing countries. |
| Source of heading or term | BUEsh |
| 651 ## - SUBJECT ADDED ENTRY--GEOGRAPHIC NAME | |
| Source of heading or term | BUEsh |
| 653 ## - INDEX TERM--UNCONTROLLED | |
| Resource For college | Communication and mass media |
| Arrived date list | March2016 |
| -- | November2016 |
| 655 ## - INDEX TERM--GENRE/FORM | |
| Form subdivision | Text book |
| -- | 33728 |
| 700 1# - ADDED ENTRY--PERSONAL NAME | |
| Personal name | McPhail, Thomas L. |
| Relator term | editor. |
| 942 ## - ADDED ENTRY ELEMENTS (KOHA) | |
| Source of classification or shelving scheme | Dewey Decimal Classification |
| Withdrawn status | Item status | Source of classification or shelving scheme | Damaged status | Not for loan | Vendor | Home library | Current library | Shelving location | Date acquired | Source of acquisition | Total Checkouts | Full call number | Barcode | Date last seen | Koha item type | Date last borrowed | Total Renewals |
|---|---|---|---|---|---|---|---|---|---|---|---|---|---|---|---|---|---|
| Dewey Decimal Classification | Baccah | Central Library | Central Library | First floor | 29/03/2016 | Purchase | 302.23091724 DEV | 000032215 | 15/07/2025 | NB - Book (Non borrowing) | |||||||
| Dewey Decimal Classification | Baccah | Central Library | Central Library | First floor | 29/03/2016 | Purchase | 302.23091724 DEV | 000032216 | 15/07/2025 | Book - Borrowing | |||||||
| Dewey Decimal Classification | Baccah | Central Library | Central Library | First floor | 29/03/2016 | Purchase | 302.23091724 DEV | 000032217 | 15/07/2025 | Book - Borrowing | |||||||
| Dewey Decimal Classification | Baccah | Central Library | Central Library | First floor | 29/03/2016 | Purchase | 1 | 302.23091724 DEV | 000032218 | 15/07/2025 | Book - Borrowing | 27/10/2019 | |||||
| Dewey Decimal Classification | Baccah | Central Library | Central Library | First floor | 29/03/2016 | Purchase | 302.23091724 DEV | 000032219 | 15/07/2025 | Book - Borrowing | |||||||
| Dewey Decimal Classification | Baccah | Central Library | Central Library | First floor | 29/03/2016 | Purchase | 302.23091724 DEV | 000032220 | 15/07/2025 | Book - Borrowing | |||||||
| Dewey Decimal Classification | Baccah | Central Library | Central Library | First floor | 29/03/2016 | Purchase | 302.23091724 DEV | 000032221 | 15/07/2025 | Book - Borrowing | |||||||
| Dewey Decimal Classification | Baccah | Central Library | Central Library | First floor | 29/08/2016 | Purchase | 302.23091724 DEV | 000031863 | 15/07/2025 | Book - Borrowing | |||||||
| Dewey Decimal Classification | Baccah | Central Library | Central Library | First floor | 29/08/2016 | Purchase | 1 | 302.23091724 DEV | 000031862 | 15/07/2025 | Book - Borrowing | 29/10/2016 | 1 | ||||
| Dewey Decimal Classification | Baccah | Central Library | Central Library | First floor | 12/01/2017 | Purchase | 2 | 302.23091724 DEV | 000034881 | 15/07/2025 | Book - Borrowing | 18/11/2019 | 3 |